Varietal Development And Maintenance Breeding/by Rajendra Kumar Yadav (Record no. 50524)

MARC details
000 -LEADER
fixed length control field 00528nam a22001577a 4500
003 - CONTROL NUMBER IDENTIFIER
control field OSt
008 - FIXED-LENGTH DATA ELEMENTS--GENERAL INFORMATION
fixed length control field 260508b |||||||| |||| 00| 0 eng d
020 ## - INTERNATIONAL STANDARD BOOK NUMBER
International Standard Book Number 9789355404909
082 ## - DEWEY DECIMAL CLASSIFICATION NUMBER
Classification number 631.53
Item number Y12V
100 ## - MAIN ENTRY--PERSONAL NAME
Personal name Yadav, Rajendra Kumar
245 ## - TITLE STATEMENT
Title Varietal Development And Maintenance Breeding/by Rajendra Kumar Yadav
260 ## - PUBLICATION, DISTRIBUTION, ETC. (IMPRINT)
Place of publication, distribution, etc Ludhiana :
Name of publisher, distributor, etc Kalyani Publishers ;
Date of publication, distribution, etc 2023.
300 ## - PHYSICAL DESCRIPTION
Extent (1.3 - 5.80) p.
650 ## - SUBJECT ADDED ENTRY--TOPICAL TERM
Topical term or geographic name as entry element Agriculture and related technologies | Technology (Applied sciences) | Plant propagation
942 ## - ADDED ENTRY ELEMENTS (KOHA)
Source of classification or shelving scheme
Koha item type Books
Holdings
Withdrawn status Lost status Source of classification or shelving scheme Damaged status Not for loan Home library Current library Shelving location Date acquired Source of acquisition Cost, normal purchase price Total Checkouts Full call number Barcode Date last seen Bill Date Koha item type Bill Number
          Dr. Rajendra Prasad Central Agricultural University Pusa, Dr. Rajendra Prasad Central Agricultural University Pusa, General Stacks 08/05/2026 Kalyani Publishers 495.00   631.53 Y12V 88733 08/05/2026 02/02/2026 Books Invoice No. 2237
          Dr. Rajendra Prasad Central Agricultural University Pusa, Dr. Rajendra Prasad Central Agricultural University Pusa, General Stacks 08/05/2026 Kalyani Publishers 495.00   631.53 Y12V 88734 08/05/2026 02/02/2026 Books Invoice No. 2237
          Dr. Rajendra Prasad Central Agricultural University Pusa, Dr. Rajendra Prasad Central Agricultural University Pusa, General Stacks 08/05/2026 Kalyani Publishers 495.00   631.53 Y12V 88735 08/05/2026 02/02/2026 Books Invoice No. 2237
          Dr. Rajendra Prasad Central Agricultural University Pusa, Dr. Rajendra Prasad Central Agricultural University Pusa, General Stacks 08/05/2026 Kalyani Publishers 495.00   631.53 Y12V 88736 08/05/2026 02/02/2026 Books Invoice No. 2237
          Dr. Rajendra Prasad Central Agricultural University Pusa, Dr. Rajendra Prasad Central Agricultural University Pusa, General Stacks 08/05/2026 Kalyani Publishers 495.00   631.53 Y12V 88737 08/05/2026 02/02/2026 Books Invoice No. 2237
Hosted, Implemented, Customized & Maintained by: BestBookBuddies

Powered by Koha